000 00367nam a2200133Ia 4500
005 20260326235459.0
008 260326s9999||||xx |||||||||||||| ||und||
100 _aSalas Portugal, Armando
245 0 _aBarragán :
_b Fotografías de su Arquitectura /
_cArmando Salas Portugal
260 _bGustavo Gili
300 _a167 p.
650 _aBarragán, Luis
942 _cBK
999 _c8021
_d8021